ბათუმის შოთა რუსთაველის სახელმწიფო უნივერსიტეტის ბიბლიოთეკა

თხზულებანი ტ.2 პოემები (ბიბ.ჩანაწერი № 41702)

000 -LEADER
fixed length control field 00686nam a2200229Ia 4500
001 - CONTROL NUMBER
control field 8379
003 - CONTROL NUMBER IDENTIFIER
control field GE_BSU
008 - FIXED-LENGTH DATA ELEMENTS--GENERAL INFORMATION
fixed length control field 181216s||||||||xx |||||||||||||| ||und||
040 ## - CATALOGING SOURCE
Transcribing agency GE_BSU
080 ## - UNIVERSAL DECIMAL CLASSIFICATION NUMBER
Universal Decimal Classification number 821.353.1-11
100 ## - MAIN ENTRY--PERSONAL NAME
Personal name ერისთავი,რაფიელ
245 ## - TITLE STATEMENT
Title თხზულებანი ტ.2 პოემები
245 ## - TITLE STATEMENT
Remainder of title პოემები
245 ## - TITLE STATEMENT
Statement of responsibility, etc. რედ. შ. რადიანი
260 ## - PUBLICATION, DISTRIBUTION, ETC.
Place of publication, distribution, etc. ტფილისი
260 ## - PUBLICATION, DISTRIBUTION, ETC.
Name of publisher, distributor, etc. სახელმწიფო გამოცემა
260 ## - PUBLICATION, DISTRIBUTION, ETC.
Date of publication, distribution, etc. 1936
300 ## - PHYSICAL DESCRIPTION
Extent 210გვ.23სმ.
653 ## - INDEX TERM--UNCONTROLLED
Uncontrolled term ლექსები.
653 ## - INDEX TERM--UNCONTROLLED
Uncontrolled term პოემები
942 ## - ADDED ENTRY ELEMENTS (KOHA)
Koha item type წიგნი
ეგზემპლარები
Withdrawn status Lost status Damaged status Not for loan Date acquired Barcode Date last seen Price effective from Koha item type
        2018-12-17 30266 2018-12-17 2018-12-17 წიგნი
        2018-12-17 30267 2018-12-17 2018-12-17 წიგნი
        2018-12-17 30268 2018-12-17 2018-12-17 წიგნი
        2018-12-17 30270 2018-12-17 2018-12-17 წიგნი
        2018-12-17 30271 2018-12-17 2018-12-17 წიგნი
        2018-12-17 30272 2018-12-17 2018-12-17 წიგნი
        2018-12-17 30273 2018-12-17 2018-12-17 წიგნი
        2018-12-17 30269 2018-12-17 2018-12-17 წიგნი
        2018-12-17 30274 2018-12-17 2018-12-17 წიგნი